Hydrotransport 6 : papers presented at the Sixth International Conference on the Hydraulic Transport of Solids in Pipes held at Canterbury, U.K., September 26th-28th, 1979 /

Bibliographic Details
Corporate Authors: International Conference on the Hydraulic Transport of Solids in Pipes Canterbury, England, BHRA (Association)
Other Authors: Stephens, Herbert Simon, Gittins, Lavina
Format: Conference Proceeding Book
Language:English
Published: Cranfield, England : BHRA Fluid Engineering, [1979]
Subjects:

MARC

Tag First Indicator Second Indicator Subfields
LEADER 00000cam a2200000 a 4500
001 in00000073623
005 20151008053533.0
008 800211s1979 enka b 10100 eng d
020 |a 0906085217 (set) 
020 |a 0906085225 (v. 1) 
020 |a 0906085233 (v.2) 
035 |a (OCoLC)05972532 
035 |9 AAH7763AM 
040 |a MUU  |c MUU  |d m.c.  |d TXA  |d UtOrBLW 
049 |a TXAM  |v 2 [1387152] 
090 |a TJ898  |b .I57 1979 
111 2 |a International Conference on the Hydraulic Transport of Solids in Pipes  |n (6th :  |d 1979 :  |c Canterbury, England) 
245 1 0 |a Hydrotransport 6 :  |b papers presented at the Sixth International Conference on the Hydraulic Transport of Solids in Pipes held at Canterbury, U.K., September 26th-28th, 1979 /  |c organised and sponsored by BHRA Fluid Engineering ; [editors: H.S. Stephens, Mrs. L. Gittins]. 
264 1 |a Cranfield, England :  |b BHRA Fluid Engineering,  |c [1979] 
264 4 |c ©1979 
300 |a 2 volumes :  |b illustrations ;  |c 30 cm. 
336 |a text  |b txt  |2 rdacontent 
337 |a unmediated  |b n  |2 rdamedia 
338 |a volume  |b nc  |2 rdacarrier 
500 |a Volume 1 contains the papers presented at the Conference, volume 2 contains the edited record of the discussion and contributions to these papers. 
504 |a Includes bibliographical references. 
650 0 |a Hydraulic conveying  |x Congresses. 
700 1 |a Stephens, Herbert Simon. 
700 1 |a Gittins, Lavina. 
710 2 |a BHRA (Association) 
999 |a MARS 
999 f f |s b537db3e-d9f2-34d3-a685-0d864ed4dad9  |i 1a6923ff-3c3e-3243-9da4-c94eb41877ac  |t 0 
952 f f |p ric  |a Texas A&M University  |b Rellis Campus  |c Joint Library Facility  |d Remote Storage  |t 0  |e TJ898 .I57 1979  |h Library of Congress classification  |i unmediated -- volume  |k v.2  |m A14806249926 
998 f f |a TJ898 .I57 1979  |s v.2  |t 0  |l Remote Storage